| 000 | 00573cam a22002171 4500 | ||
|---|---|---|---|
| 001 | sa 64004602 | ||
| 003 | DLC | ||
| 005 | 20260227112026.0 | ||
| 008 | 881102s1963 xx 000 0 hino | ||
| 010 | _asa 64004602 | ||
| 035 | _a(OCoLC)23538089 | ||
| 040 |
_aDLC _cMiU _dDLC |
||
| 042 | _apremarc | ||
| 050 | 0 | 0 |
_aPK1850 _b.D3 |
| 100 | 1 | _aDave, Jayantakr̥ṣṇa Harikr̥ṣṇa. | |
| 245 | 1 | 0 | _aGujarātī sāhitya kā itihāsa. |
| 260 | _c[1963] | ||
| 300 |
_a8, 338 p. _c19 cm. |
||
| 500 | _aRomanized. | ||
| 650 | 0 |
_aGujarati literature _xHistory and criticism. |
|
| 999 |
_c58628 _d58628 |
||